El Opus Dei: anexo a una historia
Saved in:
| Hovedforfatter: | |
|---|---|
| Format: | Bog |
| Sprog: | spansk |
| Udgivet: |
Madrid
Prodhufi
1992
|
| Udgivelse: | 5a. ed |
| Fag: | |
| Tags: |
Tilføj Tag
Ingen Tags, Vær først til at tagge denne postø!
|
MARC
| LEADER | 00000nam a2200000 a 4500 | ||
|---|---|---|---|
| 001 | UCN8031 | ||
| 003 | CL-VaPUC | ||
| 008 | 011026e19920000SP |||||||||||||||||spa|d | ||
| 082 | 0 | 4 | |a 282.46 |b MOR |2 21 |
| 100 | |a Moreno Cereijo, María Angustias |e autora |9 464211 | ||
| 245 | 1 | 3 | |a El Opus Dei: anexo a una historia |
| 250 | |a 5a. ed | ||
| 300 | |a 309 p | ||
| 942 | |c BK | ||
| 945 | |d 20011026 00:00:00 |a crobeson | ||
| 260 | |a Madrid |b Prodhufi |c 1992 | ||
| 600 | 0 | |a Opus Dei |9 464212 | |
| 600 | 0 | |a Escrivá de Balaguer, José María |9 464213 | |
| 650 | 7 | |a HISTORIA ECLESIASTICA |2 CL-VaPUC |9 464214 | |
| 651 | 0 | |a España |9 254926 | |
| 583 | |a last modification |c 20011026 00:00:00 |k Rodrigo Vera | ||
| 999 | |c 298115 |d 298113 | ||
| 952 | |0 0 |1 0 |4 0 |6 282_460000000000000_MOR_1992 |7 0 |8 A |9 353474 |a BIBTEO |b BIBTEO |d 2019-11-21 |i 3759547 |o 282.46 MOR 1992 |p 3759547 |r 2024-01-18 |w 2019-11-21 |y BK |k ICR | ||